[Event "African Individual Chess Championships 2"]
[Site "Safari Hotel, Windhoek, Namibi"]
[Date "2014.12.13"]
[Round "1.1"]
[White "Klaasen, Calvin Jong"]
[Black "Adly, Ahmed"]
[Result "1-0"]
[WhiteElo "2180"]
[BlackElo "2591"]
[PlyCount "60"]
[EventDate "2014.12.13"]
[EventRounds "9"]
[EventCountry "NAM"]

1. e4 c5 2. Nf3 d6 3. d4 Nf6 4. Nc3 cxd4 5. Nxd4 a6 6. Bg5 e6 7. f4 Qc7 8. Qe2
Nc6 9. O-O-O Be7 10. f5 Ne5 11. fxe6 fxe6 12. g3 Bd7 13. Bh3 Qc8 14. Rhf1 O-O
15. Kb1 b5 16. Qg2 h6 17. Bc1 g5 18. Qh1 Kg7 19. Nce2 a5 20. Bg2 Qc5 21. Qg1 a4
22. Nf4 gxf4 23. gxf4 Rac8 24. Bh3+ Kh7 25. fxe5 dxe5 26. Nf3 b4 27. Qxc5 Bxc5
28. Bxh6 Rh8 29. Be3 Bb5 30. Ng5+ Kg6 {Move 30 Noted as K e8 Not Possible as
king placed on h7} 1-0

[Event "African Individual Chess Championships 2"]
[Site "Safari Hotel, Windhoek, Namibi"]
[Date "2014.12.13"]
[Round "1.2"]
[White "Cawdery, Daniel"]
[Black "Phiri, Richmond"]
[Result "1/2-1/2"]
[WhiteElo "2430"]
[BlackElo "2143"]
[PlyCount "60"]
[EventDate "2014.12.13"]
[EventRounds "9"]
[EventCountry "NAM"]

1. e4 c5 2. Nf3 e6 3. d4 cxd4 4. Nxd4 a6 5. Nc3 Ne7 6. Bd3 Nbc6 7. Be3 Nxd4 8.
Bxd4 Nc6 9. Be3 b5 10. O-O Be7 11. f4 d6 12. e5 d5 13. Ne2 O-O 14. c3 Bd7 15.
g4 f6 16. exf6 gxf6 17. Bc2 Be8 18. Qd3 Rf7 19. Rad1 Rg7 20. Ng3 Bf7 21. Kh1
Kh8 22. Rg1 Qe8 23. h4 Rd8 24. g5 fxg5 25. hxg5 Bg6 26. Qe2 Qf7 27. Rgf1 Bxc2
28. Qxc2 h6 29. Rd2 hxg5 30. fxg5 Rh7+ 1/2-1/2

[Event "African Individual Chess Championships 2"]
[Site "Safari Hotel, Windhoek, Namibi"]
[Date "2014.12.13"]
[Round "1.3"]
[White "Nyambalo, Joseph Xavier"]
[Black "Farahat, Ali"]
[Result "0-1"]
[WhiteElo "2082"]
[BlackElo "2386"]
[PlyCount "16"]
[EventDate "2014.12.13"]
[EventRounds "9"]
[EventCountry "NAM"]

1. e4 c5 2. Nc3 Nc6 3. g3 g6 4. Bg2 Bg7 5. d3 e6 6. Qd2 (6. Be3 d6 7. Qd2 Nge7
8. Nge2 Nd4 9. O-O Bd7 10. Nc1 Qc7 11. Nb3 O-O 12. Rac1 Qa5 13. Bxd4 cxd4 14.
Ne2 Qb6 15. c3 dxc3 16. bxc3 d5 17. Qg5 Rae8 18. Ned4 h6 19. Qd2 e5 20. Nc2
dxe4 21. dxe4 Bb5 22. Rfd1 Rd8 23. Qxd8 (23. Qe3 Rxd1+ 24. Rxd1 Rd8 25. Rd2
Rxd2 26. Qxd2 a5 27. c4 Bxc4 28. Qxa5 Qxa5 29. Nxa5 Bxa2 30. Nxb7 Nc6 31. Nc5
Bf8 32. Nd7 Bd6 33. Nf6+ Kf8 34. Ne3 h5 35. Ned5 Ba3 36. Bh3 Bb1 37. f3 Kg7 38.
Ne8+ Kf8 39. Nef6 Kg7 40. Ne8+ Kf8 41. Nef6 Bc2 42. Bc8 Bd1 43. Kf2 Kg7 44.
Ne8+ Kf8 45. Nef6 Kg7 46. Ne8+ {Move 46 for Black Not Clear on the Notation
sheet on both players list..})) 6... Nge7 7. Nge2 Nd4 8. O-O Qa5 (8... d6) 0-1

[Event "African Individual Chess Championships 2"]
[Site "Safari Hotel, Windhoek, Namibi"]
[Date "2014.12.13"]
[Round "1.4"]
[White "Solomon, Kenny"]
[Black "Mwale, Joseph"]
[Result "1-0"]
[WhiteElo "2380"]
[BlackElo "2074"]
[PlyCount "30"]
[EventDate "2014.12.13"]
[EventRounds "9"]
[EventCountry "NAM"]

1. Nf3 Nf6 2. c4 e6 3. g3 b6 4. Bg2 Bb7 5. O-O Be7 6. d4 O-O 7. Re1 d6 8. Nc3
Nbd7 9. e4 c5 10. e5 Ne8 11. d5 exd5 12. Nxd5 Bxd5 13. Qxd5 Nc7 14. Qd2 dxe5
15. Nxe5 Nf6 1-0

[Event "African Individual Chess Championships 2"]
[Site "Safari Hotel, Windhoek, Namibi"]
[Date "2014.12.13"]
[Round "1.5"]
[White "Handjaba, Mclean"]
[Black "Jere, Daniel"]
[Result "0-1"]
[WhiteElo "2033"]
[BlackElo "2370"]
[PlyCount "48"]
[EventDate "2014.12.13"]
[EventRounds "9"]
[EventCountry "NAM"]

1. d4 Nf6 2. c4 c5 3. d5 g6 4. Nc3 Bg7 5. e4 d6 6. Nf3 O-O 7. Be2 e6 8. O-O
exd5 9. exd5 Na6 10. h3 Nc7 11. Bf4 Re8 12. Bd3 b5 13. Re1 Rxe1+ 14. Qxe1 bxc4
15. Bxc4 Rb8 16. Qe2 Bb7 17. Rd1 Qf8 18. Bh2 h6 19. Qc2 Bc8 20. Re1 Qd8 21. b3
a6 22. Nd2 Bf5 23. Qc1 Bf8 24. Nde4 Nfe8 0-1

[Event "African Individual Chess Championships 2"]
[Site "Safari Hotel, Windhoek, Namibi"]
[Date "2014.12.13"]
[Round "1.6"]
[White "Chumfwa, Stanley"]
[Black "Chimthere, Alfred Charles"]
[Result "0-1"]
[WhiteElo "2356"]
[BlackElo "2006"]
[PlyCount "44"]
[EventDate "2014.12.13"]
[EventRounds "9"]
[EventCountry "NAM"]

1. e4 c6 2. d4 d5 3. Nd2 dxe4 4. Nxe4 Bf5 5. Ng3 Bg6 6. h4 h6 7. Nf3 Nd7 8. h5
Bh7 9. Bd3 Bxd3 10. Qxd3 e6 11. Bd2 Ngf6 12. O-O-O Be7 13. Kb1 Qb6 14. Ne4 Rd8
15. c4 O-O 16. Nxf6+ Nxf6 17. g4 Nxg4 18. Qe2 g5 19. Rhg1 f5 20. Bc3 Rde8 21.
d5 Bc5 22. Ne5 exd5 0-1

[Event "African Individual Chess Championships 2"]
[Site "Safari Hotel, Windhoek, Namibi"]
[Date "2014.12.13"]
[Round "1.7"]
[White "Khoa, Goodwill"]
[Black "Kayonde, Andrew"]
[Result "0-1"]
[WhiteElo "1990"]
[BlackElo "2336"]
[PlyCount "9"]
[EventDate "2014.12.13"]
[EventRounds "9"]
[EventCountry "NAM"]

1. Nf3 d5 2. c4 d4 3. d3 Nc6 4. g3 Nf6 (4... e5 5. Bg2 Bb4+ 6. Bd2 a5 7. O-O
Nf6 8. a3 Be7 9. Qc2 O-O 10. Rd1 h6 11. Be1 Bf5 12. Nbd2 Nd7 13. Nf1 a4 14.
N3d2 Bg4 15. Bf3 Bxf3 16. Nxf3 f5 17. Kg2 Qe8 18. e3 Qh5 19. Qe2 Qg6 20. exd4
exd4 21. Nxd4 Nxd4 22. Qxe7 Qc6+ 23. Kh3 Rae8 24. Qh4 Nf3 {White Resign}) 5.
Bg2 0-1

[Event "African Individual Chess Championships 2"]
[Site "Safari Hotel, Windhoek, Namibi"]
[Date "2014.12.13"]
[Round "1.8"]
[White "Ameir, Moheb"]
[Black "Abrantes, Persson"]
[Result "1/2-1/2"]
[WhiteElo "2316"]
[BlackElo "1972"]
[PlyCount "93"]
[EventDate "2014.12.13"]
[EventRounds "9"]
[EventCountry "NAM"]

1. e4 c5 2. Nf3 d6 3. d4 cxd4 4. Qxd4 e5 5. Qd1 Be7 6. Nc3 Nf6 7. Bg5 Be6 8.
Qd2 a6 9. Bxf6 Bxf6 10. Nd5 Bxd5 11. Qxd5 Nc6 12. Rd1 Be7 13. c3 O-O 14. Be2
Qb6 15. Qb3 Qc7 16. O-O Rac8 17. Nd2 b5 18. Rfe1 Kh8 19. Nf1 Na5 20. Qd5 Nc4
21. Bxc4 bxc4 22. Ne3 g6 23. Re2 Kg7 24. Qd2 Rfe8 25. Nd5 Qb7 26. f4 Bf6 27.
Rf1 Be7 28. f5 f6 29. Ref2 g5 30. h4 g4 31. h5 Rg8 32. g3 Bd8 33. Kg2 Kh8 34.
Rh1 Rg5 35. h6 Rc5 36. Qd1 Rb5 37. Qe2 Rxd5 38. exd5 Qxd5+ 39. Kg1 Bb6 40. Rhh2
e4 41. Kf1 Bxf2 42. Rxf2 Qd3 43. Rf4 e3 44. Rxc4 Qxf5+ 45. Rf4 Qb1+ 46. Qe1
Qxb2 47. Rxf6 1/2-1/2

[Event "African Individual Chess Championships 2"]
[Site "Safari Hotel, Windhoek, Namibi"]
[Date "2014.12.13"]
[Round "1.9"]
[White "Anquandah, Francis Eric"]
[Black "Kigigha, Bomo"]
[Result "0-1"]
[WhiteElo "1952"]
[BlackElo "2291"]
[PlyCount "20"]
[EventDate "2014.12.13"]
[EventRounds "9"]
[EventCountry "NAM"]

1. e4 c5 2. Nf3 Nc6 3. Bb5 e6 4. O-O Nge7 5. d4 cxd4 6. Nxd4 Qb6 7. Bxc6 dxc6
8. Na3 (8. Nb3 Ng6 9. Be3 Qc7 10. f4 Be7 11. Nc3 O-O 12. Qf3 f5 13. Kh1 b6 14.
Nd4 Qb8 15. e5 Bb7 16. Qe2 a6) 8... Ng6 9. Be3 Qc7 10. f4 Be7 0-1

[Event "African Individual Chess Championships 2"]
[Site "Safari Hotel, Windhoek, Namibi"]
[Date "2014.12.13"]
[Round "1.10"]
[White "Van Den Heever, Donovan"]
[Black "Hoareau, Benjamin"]
[Result "1-0"]
[WhiteElo "2286"]
[BlackElo "1853"]
[PlyCount "42"]
[EventDate "2014.12.13"]
[EventRounds "9"]
[EventCountry "NAM"]

1. e4 e6 2. d3 d5 3. Nd2 dxe4 4. dxe4 e5 5. Ngf3 Nd7 6. Bc4 Qf6 7. Nb3 Qg6 8.
O-O f6 9. Re1 Nb6 10. Be2 h5 11. a4 Be6 12. a5 Nd7 13. a6 b6 14. Bb5 Ne7 15.
Qe2 h4 16. Nfd2 Qh5 17. Qd3 O-O-O 18. Qc3 Nb8 19. Nc4 Bxc4 20. Bxc4 Nbc6 21.
Be3 Rd7 {Notation Not Clear on what was move 21 for black.} 1-0

[Event "African Individual Chess Championships 2"]
[Site "Safari Hotel, Windhoek, Namibi"]
[Date "2014.12.13"]
[Round "1.12"]
[White "Fawole, John Oyeyemi"]
[Black "Botsoe, Koffi"]
[Result "1-0"]
[WhiteElo "2214"]
[BlackElo "1566"]
[PlyCount "63"]
[EventDate "2014.12.13"]
[EventRounds "9"]
[EventCountry "NAM"]

1. d4 f5 2. Nf3 Nf6 3. g3 g6 4. Bg2 Bg7 5. O-O O-O 6. c4 d5 7. cxd5 Nxd5 8. Qb3
Kh8 9. Nc3 Nxc3 10. bxc3 c6 11. e4 Qb6 12. Qa3 Qc7 13. Bf4 Qd8 14. Rab1 Nd7 15.
exf5 gxf5 16. Rfe1 Bf6 17. Ng5 Nb6 18. Qb3 Nd5 19. Be5 h6 20. Nf3 b5 21. Nh4
Qe8 22. Bxd5 cxd5 23. Qxd5 Bb7 24. Ng6+ Qxg6 25. Qxb7 a6 26. Qxe7 Bxe5 27.
Qxe5+ Rf6 28. a4 f4 29. axb5 fxg3 30. hxg3 axb5 31. Rxb5 Raf8 32. Reb1 1-0

[Event "African Individual Chess Championships 2"]
[Site "Safari Hotel, Windhoek, Namibi"]
[Date "2014.12.14"]
[Round "2.1"]
[White "Farahat, Ali"]
[Black "Van Den Heever, Donovan"]
[Result "1-0"]
[WhiteElo "2386"]
[BlackElo "2286"]
[PlyCount "116"]
[EventDate "2014.12.13"]
[EventRounds "9"]
[EventCountry "NAM"]

1. e4 c5 2. Nf3 d6 3. d4 cxd4 4. Nxd4 Nf6 5. Nc3 Nc6 6. Bg5 e6 7. Qd2 a6 8.
O-O-O h6 9. Bf4 Bd7 10. Nxc6 Bxc6 11. Qe1 Qc7 12. Nd5 Bxd5 13. exd5 e5 14. Kb1
Be7 15. Bc1 O-O 16. f3 Rfe8 17. Qg3 Nh5 18. Qg4 Nf6 19. Qg3 Nh5 20. Qg4 Nf6 21.
Qf5 Qc5 22. Qd3 b5 23. Be3 Qc7 24. Qf5 Qc8 25. Bd3 Qxf5 26. Bxf5 g6 27. Bh3 Kg7
28. Rhe1 Bd8 29. g3 Ba5 30. Re2 Rab8 31. a3 Rb7 32. b4 Bd8 33. Bc8 Rb8 34. Bxa6
Re7 35. c4 bxc4 36. Bxc4 e4 37. fxe4 Rxe4 38. Bd4 Rxe2 39. Bxe2 Kg8 40. Bf3 Nd7
41. Rc1 Bb6 42. Bxb6 Nxb6 43. Rc6 Kf8 44. Kb2 Ke7 45. Kb3 Nd7 46. Be2 f5 47. a4
g5 48. a5 f4 49. gxf4 gxf4 50. a6 Rf8 51. Bb5 Ne5 52. Rc7+ Kf6 53. a7 f3 54.
Rb7 Ra8 55. Ka4 Ng4 56. Ka5 Ne3 57. Ka6 Nxd5 58. Bc4 f2 1-0

[Event "African Individual Chess Championships 2"]
[Site "Safari Hotel, Windhoek, Namibi"]
[Date "2014.12.14"]
[Round "2.3"]
[White "Jere, Daniel"]
[Black "Fawole, John Oyeyemi"]
[Result "1-0"]
[WhiteElo "2370"]
[BlackElo "2214"]
[PlyCount "66"]
[EventDate "2014.12.13"]
[EventRounds "9"]
[EventCountry "NAM"]

1. c4 c5 2. g3 Nf6 3. Bg2 d5 4. cxd5 Nxd5 5. Nc3 Nc7 6. Nf3 Nc6 7. O-O e5 8.
Ne1 Be7 9. Nd3 f6 10. b3 O-O 11. f4 Nb4 12. Ne1 exf4 13. gxf4 Ncd5 14. Nxd5
Nxd5 15. Bb2 Bg4 16. Nd3 Qd7 17. Qc2 Rac8 18. Qc4 Be6 19. f5 Bf7 20. Qg4 b5 21.
Rf3 h5 22. Qh3 c4 23. bxc4 bxc4 24. Nf2 Rb8 25. Bd4 Nb4 26. Bc3 Nd5 27. Bd4 Nb4
28. Bc3 Nd5 29. Ne4 Nxc3 30. dxc3 Rb2 31. Ng3 Rfb8 32. Kh1 Qe8 33. Rf4 Qb5 {
Game Ended Move 49,but from move 33 there is no clear Notation as move 32 Not
clearly indicated on both score sheets} 1-0

[Event "African Individual Chess Championships 2"]
[Site "Safari Hotel, Windhoek, Namibi"]
[Date "2014.12.14"]
[Round "2.4"]
[White "Kayonde, Andrew"]
[Black "Olebile, Thato"]
[Result "0-1"]
[WhiteElo "2336"]
[BlackElo "2207"]
[PlyCount "53"]
[EventDate "2014.12.13"]
[EventRounds "9"]
[EventCountry "NAM"]

1. d4 Nf6 2. c4 g6 3. f3 Bg7 4. e4 d6 5. Nc3 c6 6. Be3 Qa5 7. Qd2 Nbd7 8. Nh3
a6 9. a4 e5 10. Nf2 exd4 11. Bxd4 Nc5 12. Nb1 Qxd2+ 13. Nxd2 Ne6 14. Bc3 Nh5
15. Bxg7 Nhxg7 16. Nb3 a5 17. Rd1 Nc5 18. Nxc5 dxc5 19. e5 Bf5 20. g4 Bc2 21.
Rc1 Bxa4 22. Rc3 b5 23. cxb5 cxb5 24. Ne4 Ke7 25. Nxc5 Rab8 26. Bxb5 Bxb5 27.
f4 0-1

[Event "African Individual Chess Championships 2"]
[Site "Safari Hotel, Windhoek, Namibi"]
[Date "2014.12.14"]
[Round "2.5"]
[White "Kigigha, Bomo"]
[Black "Klaasen, Calvin Jong"]
[Result "1/2-1/2"]
[WhiteElo "2291"]
[BlackElo "2180"]
[PlyCount "44"]
[EventDate "2014.12.13"]
[EventRounds "9"]
[EventCountry "NAM"]

1. Nf3 c5 2. c4 Nc6 3. Nc3 g6 4. e3 Nf6 5. d4 cxd4 6. exd4 d5 7. Ne5 Bg7 8.
Nxc6 bxc6 9. Be2 O-O 10. O-O dxc4 11. Bxc4 Nd5 12. Bb3 (12. Be2) 12... e6 13.
Bxd5 cxd5 14. Be3 Bd7 15. Qd2 Qb6 16. Rfc1 Rfc8 17. Ne2 Bb5 18. Nc3 Bd7 19. Ne2
Bb5 20. Nc3 Bd7 21. Ne2 Bb5 22. Nc3 Bd7 1/2-1/2

[Event "African Individual Chess Championships 2"]
[Site "Safari Hotel, Windhoek, Namibi"]
[Date "2014.12.14"]
[Round "2.6"]
[White "Chimthere, Alfred Charles"]
[Black "Cawdery, Daniel"]
[Result "0-1"]
[WhiteElo "2006"]
[BlackElo "2430"]
[PlyCount "74"]
[EventDate "2014.12.13"]
[EventRounds "9"]
[EventCountry "NAM"]

1. Nf3 Nf6 2. d4 g6 3. g3 Bg7 4. Bg2 O-O 5. O-O c6 6. c4 d5 7. cxd5 cxd5 8. Nc3
Ne4 9. Qb3 Nc6 10. e3 Na5 11. Qb4 Bf5 12. Bd2 Nc4 13. Nxe4 Bxe4 14. Bc3 Nd6 15.
a4 a5 16. Qb3 Rc8 17. Rfc1 e6 18. Qd1 b6 19. Bf1 Bxf3 20. Qxf3 Ne4 21. Be1 Qd6
22. Bd3 e5 23. dxe5 Qxe5 24. Rxc8 Rxc8 25. Rb1 Nc5 26. Bb5 Ne4 27. Qe2 d4 28.
exd4 Qxd4 29. Rd1 Qe5 30. f3 Ng5 31. f4 Qc5+ 32. Kg2 Ne6 33. Bf2 Bd4 34. Bd7
Qd5+ 35. Qf3 Qxd7 36. Qe4 Rd8 37. f5 gxf5 0-1

[Event "African Individual Chess Championships 2"]
[Site "Safari Hotel, Windhoek, Namibi"]
[Date "2014.12.14"]
[Round "2.7"]
[White "Phiri, Richmond"]
[Black "Ameir, Moheb"]
[Result "1-0"]
[WhiteElo "2143"]
[BlackElo "2316"]
[PlyCount "113"]
[EventDate "2014.12.13"]
[EventRounds "9"]
[EventCountry "NAM"]

1. d4 Nf6 2. c4 g6 3. Nc3 d5 4. cxd5 Nxd5 5. e4 Nxc3 6. bxc3 Bg7 7. Qa4+ Nd7 8.
Nf3 O-O 9. Be2 c5 10. O-O Nf6 11. e5 Nd5 12. Qa3 cxd4 13. cxd4 Bd7 14. Bg5 Bc6
15. Rac1 h6 16. Bd2 Qd7 17. Rc5 Rfd8 18. Rb1 Nc7 19. Be3 Bf8 20. Qc1 Ne6 21. d5
Bxd5 22. Bb5 Bc6 23. Rxc6 bxc6 24. Bxc6 Rac8 25. Bxd7 Rxc1+ 26. Rxc1 Rxd7 27.
Kf1 a5 28. Ke2 Rb7 29. Kd3 g5 30. Rc4 Rb2 31. Ra4 Rb5 32. Kc4 Nc7 33. Bd2 g4
34. Nd4 Rxe5 35. Rxa5 Bg7 36. Rxe5 Bxe5 37. Bxh6 f6 38. h3 f5 39. hxg4 fxg4 40.
a4 Kf7 41. Nc6 Bd6 42. Be3 g3 43. fxg3 Bxg3 44. a5 Ke8 45. Bd4 Be1 46. Bc3 Bh4
47. Be5 Kd7 48. Nb4 Kc8 49. a6 Bf2 50. g4 Be3 51. Nc2 Bg5 52. a7 Na8 53. Nd4
Kd7 54. Kb5 Be3 55. Ka6 Kc8 56. Ne6 Kd7 57. Nf4 1-0

[Event "African Individual Chess Championships 2"]
[Site "Safari Hotel, Windhoek, Namibi"]
[Date "2014.12.14"]
[Round "2.8"]
[White "Abrantes, Persson"]
[Black "Chumfwa, Stanley"]
[Result "1-0"]
[WhiteElo "1972"]
[BlackElo "2356"]
[PlyCount "62"]
[EventDate "2014.12.13"]
[EventRounds "9"]
[EventCountry "NAM"]

1. d4 Nf6 2. c4 e6 3. Nf3 b6 4. g3 Ba6 5. Qc2 Bb7 6. Bg2 c5 7. d5 exd5 8. Nh4
Nc6 9. cxd5 Nb4 10. Qd2 Bxd5 11. Bxd5 Nbxd5 12. e4 Ne7 13. Nc3 d6 14. O-O Qd7
15. Qe2 Nc6 16. Nf5 h6 17. Bf4 g6 18. Nd5 Qd8 19. Qb5 Rc8 20. Nxf6+ Qxf6 21.
Nxd6+ Bxd6 22. e5 Bxe5 23. Bxe5 Qxe5 24. Rfe1 Qxe1+ 25. Rxe1+ Kf8 26. Rd1 Rc7
27. Rd6 Nd4 28. Qc4 Nf5 29. Qc2 Kg8 30. Qe4 Re7 31. Qf4 Nxd6 1-0

[Event "African Individual Chess Championships 2"]
[Site "Safari Hotel, Windhoek, Namibi"]
[Date "2014.12.14"]
[Round "2.9"]
[White "Adly, Ahmed"]
[Black "Khoa, Goodwill"]
[Result "1-0"]
[WhiteElo "2591"]
[BlackElo "1990"]
[PlyCount "22"]
[EventDate "2014.12.13"]
[EventRounds "9"]
[EventCountry "NAM"]

1. Nf3 d5 2. g3 Nf6 3. Bg2 c6 4. O-O g6 5. c4 Bg7 6. d4 O-O 7. Na3 Re8 8. Bf4
Nh5 9. Bg5 h6 10. Be3 Nf6 11. Rc1 Na6 (11... Nfd7 12. Bf4) (11... Nbd7 12. Bf4
Nh5 13. cxd5 Nxf4 14. gxf4 c5 15. dxc5 Bxb2 16. Qa4 Bxc1 17. Rxc1 b6 18. c6 Nc5
19. Qd4 Ba6 20. e3 Qd7 (20... Qd6 21. Ne5 Rad8 22. Nac4 Bxc4 23. Nxc4 Qf6 24.
Qxf6 exf6 25. c7 Rxd5 26. Bxd5 Rc8 27. Bxf7+ Kg7)) 1-0

[Event "African Individual Chess Championships 2"]
[Site "Safari Hotel, Windhoek, Namibi"]
[Date "2014.12.14"]
[Round "2.10"]
[White "Simoes, Joao"]
[Black "Anquandah, Francis Eric"]
[Result "1-0"]
[WhiteElo "2232"]
[BlackElo "1952"]
[PlyCount "94"]
[EventDate "2014.12.13"]
[EventRounds "9"]
[EventCountry "NAM"]

1. d4 Nf6 2. Nf3 e6 3. c4 b6 4. g3 Bb7 5. Bg2 Bb4+ 6. Bd2 Bxd2+ 7. Nbxd2 O-O 8.
Qc2 Na6 9. a3 c5 10. e4 cxd4 11. O-O d3 12. Qxd3 Nc5 13. Qc2 Ncxe4 14. Rfd1 Qc7
15. Nd4 Nxf2 16. Bxb7 Qxb7 17. Kxf2 Ng4+ 18. Kg1 Ne3 19. Qe4 Qxe4 20. Nxe4 Nxd1
21. Rxd1 d5 22. cxd5 exd5 23. Nc3 g6 24. Nxd5 Kg7 25. Nb5 a6 26. Nbc7 Ra7 27.
Re1 Rd8 28. Ne8+ Kf8 29. Nef6 Kg7 30. Kf2 Raa8 31. g4 h6 32. h4 Rac8 33. b4
Rc2+ 34. Re2 Rc4 35. Ke3 Rc6 36. g5 b5 37. Kf4 Rc1 38. Re5 Rf1+ 39. Kg3 hxg5
40. hxg5 Ra1 41. Re3 Rd1 42. Nc7 Rg1+ 43. Kf4 Rf1+ 44. Kg3 Rg1+ 45. Kf2 Rxg5
46. Nfe8+ Kh6 47. Rh3+ Rh5 {Move 48 not Clear on Notations.} 1-0

[Event "African Individual Chess Championships 2"]
[Site "Safari Hotel, Windhoek, Namibi"]
[Date "2014.12.14"]
[Round "2.11"]
[White "Hoareau, Benjamin"]
[Black "Degondo, Simplice Armel"]
[Result "0-1"]
[WhiteElo "1853"]
[BlackElo "2177"]
[PlyCount "39"]
[EventDate "2014.12.13"]
[EventRounds "9"]
[EventCountry "NAM"]

1. d4 d5 2. Nf3 Nf6 3. Bg5 Ne4 4. Bf4 c5 5. c3 Nc6 6. e3 Bg4 7. Be2 e6 8. Nbd2
Be7 9. Nxe4 dxe4 10. Ne5 Bxe2 11. Qxe2 Nxe5 12. Bxe5 f6 13. Bg3 O-O 14. dxc5
Bxc5 15. Rd1 Qb6 16. O-O Rfd8 17. h3 Rac8 18. b3 Kh8 19. Qc4 f5 20. Qa4 0-1

[Event "African Individual Chess Championships 2"]
[Site "Safari Hotel, Windhoek, Namibi"]
[Date "2014.12.14"]
[Round "2.13"]
[White "Mwale, Joseph"]
[Black "Fumey, Enyonam Sewa"]
[Result "1-0"]
[WhiteElo "2074"]
[BlackElo "1780"]
[PlyCount "59"]
[EventDate "2014.12.13"]
[EventRounds "9"]
[EventCountry "NAM"]

1. e4 d5 2. exd5 Nf6 3. c4 c6 4. dxc6 Nxc6 5. Be2 e5 6. d3 Bf5 7. Nf3 e4 8.
dxe4 Qxd1+ 9. Bxd1 Nxe4 10. O-O Bc5 11. Bc2 O-O 12. Nh4 Nd4 13. Bxe4 Bxe4 14.
Nc3 Bd3 15. Rd1 Bf5 (15... Be4 16. Be3 Rfd8 17. Rac1 Be7 18. Rd2) 16. Be3 Rfd8
17. Rd2 Be6 18. Rc1 Be7 19. Rxd4 Rxd4 20. Bxd4 Bxh4 21. g3 Be7 22. a3 g6 23.
Kg2 Rc8 24. Kf3 Bg5 25. Rd1 f5 26. h4 Be7 27. Re1 Kf7 28. Bg7 Kxg7 29. Rxe6
Bxa3 {Move 30 for black not corresponding to the actual position on the board..
.} 30. Nb5 1-0

[Event "African Individual Chess Championships 2"]
[Site "Safari Hotel, Windhoek, Namibi"]
[Date "2014.12.15"]
[Round "3.1"]
[White "Olebile, Thato"]
[Black "Farahat, Ali"]
[Result "0-1"]
[WhiteElo "2207"]
[BlackElo "2386"]
[PlyCount "20"]
[EventDate "2014.12.13"]
[EventRounds "9"]
[EventCountry "NAM"]

1. d4 Nf6 2. c4 e6 3. Nf3 d5 4. Nc3 Bb4 5. Bg5 h6 6. Bxf6 Qxf6 7. Qb3 c5 8.
dxc5 Bxc5 {Move 9 Recorded as bxc3 Need to consult both players urgently} 9. e3
{Move 9 Recorded as bxc3 on both players list} dxc4 10. Bxc4 O-O 0-1

[Event "African Individual Chess Championships 2"]
[Site "Safari Hotel, Windhoek, Namibi"]
[Date "2014.12.15"]
[Round "3.2"]
[White "Solomon, Kenny"]
[Black "Jere, Daniel"]
[Result "1/2-1/2"]
[WhiteElo "2380"]
[BlackElo "2370"]
[PlyCount "84"]
[EventDate "2014.12.13"]
[EventRounds "9"]
[EventCountry "NAM"]

1. d4 Nf6 2. c4 e6 3. Nf3 c5 4. d5 b5 5. Bg5 exd5 6. cxd5 h6 7. Bxf6 Qxf6 8.
Qc2 d6 9. e4 a6 10. a4 b4 11. Nfd2 Nd7 12. Nc4 Be7 13. Nbd2 O-O 14. Bd3 Re8 15.
O-O Bf8 16. f4 Qd8 17. Rae1 Bb7 18. Nb3 a5 19. Ne3 Nf6 20. Nd2 Ba6 21. Bxa6
Rxa6 22. Nec4 g6 23. Qd3 Ra7 24. Qf3 Kh8 25. Re3 h5 26. h3 h4 27. Rd3 Rd7 28.
e5 dxe5 29. Nxe5 Rc7 30. d6 Bxd6 31. Ndc4 Re6 32. Rfd1 Ne8 33. f5 gxf5 34. Qxf5
Qe7 35. Qh5+ Kg8 36. Qg4+ Kf8 37. Nxd6 Nxd6 38. Qh5 Kg7 39. Qg4+ Kf8 40. Qh5
Kg7 41. Qg4+ Kf8 42. Qh5 Kg7 1/2-1/2

[Event "African Individual Chess Championships 2"]
[Site "Safari Hotel, Windhoek, Namibi"]
[Date "2014.12.15"]
[Round "3.3"]
[White "Cawdery, Daniel"]
[Black "Abrantes, Persson"]
[Result "1-0"]
[WhiteElo "2430"]
[BlackElo "1972"]
[PlyCount "84"]
[EventDate "2014.12.13"]
[EventRounds "9"]
[EventCountry "NAM"]

1. e4 c5 2. Nf3 d6 3. d4 cxd4 4. Nxd4 Nf6 5. Nc3 g6 6. Be3 Bg7 7. f3 O-O 8. Qd2
Nc6 9. O-O-O d5 10. Kb1 e5 11. Nxc6 bxc6 12. exd5 Nxd5 13. Nxd5 cxd5 14. Qxd5
Qc7 15. Qxa8 Bf5 16. Qd5 Qxc2+ 17. Ka1 e4 18. Qb3 Bxb2+ 19. Qxb2 Qxd1+ 20. Qc1
Qa4 21. Be2 Rc8 22. Qd2 exf3 23. Bxf3 Be6 24. Rb1 h5 25. Rb2 Qa3 26. Be4 Qe7
27. Bb1 Kh7 28. Qa5 Qf6 29. Qxh5+ Kg8 30. Qg5 Qc3 31. Bd2 Qd4 32. Qf4 Qg7 33.
Be3 Rc4 34. Qb8+ Kh7 35. Qxa7 Qe5 36. Qb6 Bd5 37. g3 Rc1 38. h4 Qc3 39. h5 Kg7
40. hxg6 fxg6 41. Qc5 Qxc5 42. Bxc5 Rxc5 {Score sheet not clear as to white
next move} 1-0

[Event "African Individual Chess Championships 2"]
[Site "Safari Hotel, Windhoek, Namibi"]
[Date "2014.12.15"]
[Round "3.4"]
[White "Phiri, Richmond"]
[Black "Kigigha, Bomo"]
[Result "1-0"]
[WhiteElo "2143"]
[BlackElo "2291"]
[PlyCount "57"]
[EventDate "2014.12.13"]
[EventRounds "9"]
[EventCountry "NAM"]

1. d4 Nf6 2. Nf3 e6 3. c4 d5 4. Nc3 Be7 5. Bf4 O-O 6. e3 Nbd7 7. cxd5 exd5 8.
Bd3 c6 9. Qc2 Re8 10. O-O Nf8 11. h3 Ng6 12. Be5 Bd6 13. Bxd6 Qxd6 14. Rab1 b6
15. b4 Bb7 16. a4 Rac8 17. Bf5 Rc7 18. Rfc1 Ree7 19. a5 Ba6 20. axb6 axb6 21.
Na4 Re8 22. Nxb6 Ne7 23. Na4 Nxf5 24. Qxf5 Ne4 25. Nc5 Bb5 26. Qg4 Ra7 27. Ra1
Rea8 28. Ra5 h6 {This is Noted as Move 30 on one player & move 30 on another
player score sheet} 29. Qf5 {There is a move noted incorectly} 1-0

[Event "African Individual Chess Championships 2"]
[Site "Safari Hotel, Windhoek, Namibi"]
[Date "2014.12.15"]
[Round "3.5"]
[White "Klaasen, Calvin Jong"]
[Black "Wanyama, Harold"]
[Result "0-1"]
[WhiteElo "2180"]
[BlackElo "2241"]
[PlyCount "72"]
[EventDate "2014.12.13"]
[EventRounds "9"]
[EventCountry "NAM"]

1. e4 c5 2. Nf3 d6 3. d4 cxd4 4. Nxd4 Nf6 5. Nc3 a6 6. Bg5 Nbd7 7. Bc4 Qa5 8.
Qd2 h6 9. Bh4 b5 10. Bd5 Nxd5 11. Nxd5 Qxd2+ 12. Kxd2 g5 13. Nc7+ Kd8 14. Nxa8
Bb7 15. Bg3 Bxe4 16. f3 Bxa8 17. Rad1 Rg8 18. Ke1 e6 19. Kf2 Rg6 20. Rhe1 Be7
21. h3 Nf6 22. c3 Nd5 23. Bh2 Kd7 24. Ne2 Bd8 25. Bg1 h5 26. Rd3 e5 27. Kf1 f5
28. Ng3 Nf4 29. Rd2 Ke6 30. Be3 h4 31. Bxf4 gxf4 32. Ne2 Kd7 33. Nc1 Kc8 34.
Nd3 a5 35. Nf2 Bb7 36. Red1 Kd7 {One score sheet not readable one not clear as
from move 36} 0-1